000 00775nam a2200205 a 4500
001 000395290
003 AM-YeHGA
005 20250617162231.0
008 041213s1956 ||||||||||||||||||||rus d
040 _aAM-YeHGA
041 0 _arus
100 1 _aПопов, Николай Александрович
245 1 0 _aОпухоли гипофиза и гипофизарной области :
_b(Клиника и диагностика) /
_cН.А. Попов .
260 _aЛенинград :
_bМедгиз. Ленингр. отд-ние,
_c1956.
300 _a213 с. :
_bил.
440 0 _aБиблиотека практического врача
650 1 4 _aНервные болезни
650 1 4 _aОнкология
_xГипофиз
090 _c488886
999 _c485517
_d485517